000 00769nam a2200241Ia 4500
003 OSt
005 20220926025332.0
006 a|||||r|||| 00| 0
007 ta
008 220923b |||||||| |||| 00| 0 eng d
020 _a9780199067398
037 _cGeneral Book
040 _aRTL
_cRTL
_beng
041 _2eng
_aeng
082 _aY15:3(P).49G, Q4
100 _aSIDDIQUI Shahid
245 0 _aLanguage, gender, and power
_b The politics of representation and hegemony in South Asia
260 _aOxford
_bOxford University Press
_c2014
300 _axvii,220p
_ccm.
500 _aReferences - 845-873p; Glossary: 875-898p; Appendix: 793-844p
942 _hY15:3(P).49G, Q4
_cGB
_2CC
999 _c646844
_d646844